header

Managers, part of the problem? (Record no. 691)

MARC details
000 -LEADER
fixed length control field 01163nam a2200301 a 4500
082 04 - DEWEY DECIMAL CLASSIFICATION NUMBER
Classification number 352.3
100 1# - MAIN ENTRY--AUTHOR NAME
Personal name Thomas, Camaron J.
245 10 - TITLE STATEMENT
Title Managers, part of the problem?
260 ## - PUBLICATION, DISTRIBUTION, ETC. (IMPRINT)
Place of publication Westport, Conn. :
Name of publisher Quorum,
Year of publication 1999.
300 ## - PHYSICAL DESCRIPTION
Number of Pages xiii, 171 p.
650 #0 - SUBJECT ADDED ENTRY--TOPICAL TERM
Topical Term Organizational change.
Topical Term Public administration.
856 40 - ELECTRONIC LOCATION AND ACCESS
Uniform Resource Identifier http://site.ebrary.com/lib/rucke/Doc?id=5004004

No items available.

© 2026 Rongo University
Contact us: librarian | system librarian | Rongo university